Where Homosexuality is Illegal - Sudden Death - Statistics

General Stats
  • This quiz has been taken 193 times
    54 since last reset
  • The average score is 5 of 64
Answers on the Grid
Answers color-coded by a green-red scale on the quiz's grid according to % correct below.
Afghanistan
Algeria
Azerbaijan
Bangladesh
Barbados
Benin
Botswana
Brunei
Burkina Faso
Burundi
Cameroon
Central African Republic
Chad
Comoros
Cote d'Ivoire
Egypt
Eritrea
Eswatini
Ethiopia
Democratic Republic of the Congo
Gambia
Ghana
Grenada
Guinea
Guyana
Indonesia
Iran
Iraq
Jamaica
Kenya
Kiribati
Kuwait
Lebanon
Liberia
Libya
Madagascar
Malaysia
Malawi
Maldives
Mali
Mauritania
Morocco
Mozambique
Myanmar
Niger
Nigeria
North Korea
Oman
Pakistan
Papua New Guinea
Qatar
Republic of the Congo
Russia
St. Kitts and Nevis
St. Lucia
St. Vincent and the Grenadines
Samoa
Saudi Arabia
Senegal
Sierra Leone
Solomon Islands
Somalia
South Sudan
Sri Lanka
Sudan
Syria
Tajikistan
Tanzania
Togo
Tonga
Trinidad & Tobago
Tunisia
Turkmenistan
Tuvalu
Uganda
United Arab Emirates
Uzbekistan
Yemen
Zambia
Zimbabwe
 
Answer Stats
Answer % Correct
Afghanistan
100%
Bangladesh
40%
United Arab Emirates
40%
Algeria
20%
Brunei
20%
Burkina Faso
20%
Cameroon
20%
Egypt
20%
Libya
20%
Mauritania
20%
Pakistan
20%
Qatar
20%
Saudi Arabia
20%
Somalia
20%
Sudan
20%
Togo
20%
Trinidad & Tobago
20%
Uzbekistan
20%
Burundi
0%
Chad
0%
Comoros
0%
Eritrea
0%
Eswatini
0%
Ethiopia
0%
Gambia
0%
Ghana
0%
Grenada
0%
Guinea
0%
Guyana
0%
Indonesia
0%
Iran
0%
Iraq
0%
Jamaica
0%
Kenya
0%
Kiribati
0%
Kuwait
0%
Lebanon
0%
Liberia
0%
Malawi
0%
Malaysia
0%
Maldives
0%
Mali
0%
Morocco
0%
Myanmar
0%
Nigeria
0%
Oman
0%
Papua New Guinea
0%
Samoa
0%
Senegal
0%
Sierra Leone
0%
Solomon Islands
0%
South Sudan
0%
Sri Lanka
0%
St. Vincent and the Grenadines
0%
Syria
0%
Tanzania
0%
Tonga
0%
Tunisia
0%
Turkmenistan
0%
Tuvalu
0%
Uganda
0%
Yemen
0%
Zambia
0%
Zimbabwe
0%
No matching quizzes found
Score Distribution
Percent of People with Each Score
Percentile by Number Answered
Your Score History
You have not taken this quiz since the last reset